Регионална библиотека "Любен Каравелов" - Русе

Задочни репортажи за задочна България (Запис номер 197981)

MARC детайли
000 -Лидер
Контролно поле с фиксирана дължина 01467nam a2200313 a 4500
003 - Код на организацията, давaща контролен номер
Контролно поле BLK
005 - Дата и час на последна редакция
Контролно поле 20250320180506.0
008 - Елементи от данни с фиксирана дължина
fixed length control field 180411b bul|||||r ||||||| ||bul||
020 ## - Международен стандартен номер на книга ISBN
Международен стандартен номер на книга ISBN 978-954-28-2215-8
020 ## - Международен стандартен номер на книга ISBN
Международен стандартен номер на книга ISBN 9789542822158
040 ## - Източник на каталожния запис
Идентификатор на билиотеката - собственик на записа BLK
041 ## - Код за език
Код за езика на текст/звукозапис или на отделно заглавие Български
Код за езика КДБФ Български
080 ## - УДК
Текстов определител УДК Българска литература
УДК код - определител по УДК 821.163.2
УДК определител -4
УДК - код + определител 821.163.2-4
084 ## - Класификационен индекс по друга класификация
Класификационен индекс М 32
100 1# - Редна дума - Автор
Автор Марков, Георги Иванов
Авторска отговорност първи автор
R(LIN) 376753
139 ## - Редно поле
Редна дума Марков, Георги Иванов
Авторски знак Марк - М 32
245 10 - Сведения за заглавието
Заглавие Задочни репортажи за задочна България
Подзаглавни данни Т. 1 -
Редно поле (дума) Георги Марков; предг. Димитър Кенаров.
Том Т. 1
257 ## - Страна на издаване
Страна на създаване/издаване България
260 ## - Област на издателските данни
Място на издаване, разпространение и проч. София
Име на издателя, разпространителя и проч. Сиела Норма
Година на издаване 2016 -
Печатница София : Алианс Принт
9 (RLIN) 217021
Издателство - префикс ISBN 978-954-28-
300 ## - Физическа характеристика
Размери/Мащаб 21 см
380 ## - Жанр
Жанр Худож. лит.
500 ## - Общи забележки
Забележка 1. изд. 1990 на изд. Профиздат. - Биогр. данни за авт. отбелязани на гърба на кор. - Именен показалец
760 1# - Описание на основната серия
Редна дума на основното описание Марков, Георги Иванов
Място на издаване, издател и година Сиела, 2016
Страници - том 576 с. : с портр.
Забележка - том Задочен репортаж за Георги Марков / Димитър Кенаров: с. 9-22
Заглавие Т. 1
852 ## - Местоположение
Форматна сигнатура Цб 285910
Фондова буква Хранилище
852 ## - Местоположение
Фондова буква Заемна - подръчен фонд
Систематично-азбучна сигнатура 821.163.2-4/М 32 Г
942 ## - АРТИКУЛИ
Вид на библиотечния материал Книги
Скрит в OPAC Не
Koha issues (borrowed), all copies 2
944 ## - СЪЗДАВАНЕ И РЕДАКЦИЯ на ЗАПИСА
Създаване/Редакция Създаване
Дата на регистрацията/редакция 30.05.2017
Служител, извършил регистрацията/редакцията 30530
Статус, дата на статуса Минев Младен
999 ## - СИСТЕМНИ КОНТРОЛНИ НОМЕРА
Koha biblionumber 197981
Koha biblioitemnumber 197981
999 ## - СИСТЕМНИ КОНТРОЛНИ НОМЕРА
Koha biblioitemnumber 197981
Наличности
Код за отписване Код за изгубен артикул Код за повреда Коз за рестрикции Код за отдаване Артикулен № Име на библиотеката - собственик Име на библиотеката, в която се намира в момента Статус (Текущо местоположение) Дата на вписване в системата Местоположение - отдел Цена в лева Инвентарен номер Систематично азбучна сигнатура Баркод Номер на екземпляра Цена в евро Служебна бележка Служебен тип на артикула Източник на класификационната схема
  Не е изгубен Не е повреден без рестрикции ползва се в читалня 344496 Регионална библиотека "Любен Каравелов" Русе Регионална библиотека "Любен Каравелов" Русе Хранилище 2017-05-31 Хранилище 17.00 120000811915 Цб 285910 120000811915 1 8.69 Дост: Dp Вид: Д N: 18 Дата: 06.04.2017 Книги  
  Не е изгубен Не е повреден   заемане за дома 944101 Регионална библиотека "Любен Каравелов" Русе Регионална библиотека "Любен Каравелов" Русе Заемна - подръчен фонд 2024-06-13 Заемна - подръчен фонд 17.00 120000909211 821.163.2-4/М 32 Г 120000909211   8.69   Книги Universal Decimal Classification
  Не е изгубен Не е повреден   заемане за дома 974515 Регионална библиотека "Любен Каравелов" Русе Регионална библиотека "Любен Каравелов" Русе Заемна - подръчен фонд 2025-06-04 Заемна - подръчен фонд 17.00 120000920010 821.163.2-4/М 32 Г 120000920010   8.69   Книги Universal Decimal Classification
Vip Innovations Ltd, Rousse, Bulgaria 2025